基督教与近代中国人物 (Record no. 559)
[ view plain ]
| 000 -LEADER | |
|---|---|
| fixed length control field | 01201nam a2200253Ia 4500 |
| 003 - CONTROL NUMBER IDENTIFIER | |
| control field | OSt |
| 005 - DATE AND TIME OF LATEST TRANSACTION | |
| control field | 20241023141619.0 |
| 008 - FIXED-LENGTH DATA ELEMENTS--GENERAL INFORMATION | |
| fixed length control field | 200826s9999||||xx |||||||||||||| ||und|| |
| 020 ## - INTERNATIONAL STANDARD BOOK NUMBER | |
| International Standard Book Number | 7549513589 |
| 020 ## - INTERNATIONAL STANDARD BOOK NUMBER | |
| International Standard Book Number | 9787549513581 |
| 040 ## - CATALOGING SOURCE | |
| Transcribing agency | 0 |
| 041 ## - LANGUAGE CODE | |
| Language code of text/sound track or separate title | chi |
| 050 ## - LIBRARY OF CONGRESS CALL NUMBER | |
| Classification number | BR1288 |
| Item number | .L526 2012 |
| 100 ## - MAIN ENTRY--PERSONAL NAME | |
| Personal name | 李志刚 |
| 245 #0 - TITLE STATEMENT | |
| Title | 基督教与近代中国人物 |
| Remainder of title | / |
| Statement of responsibility, etc. | 李志刚 |
| 246 ## - VARYING FORM OF TITLE | |
| Title proper/short title | 基督教與近代中國人物 |
| Remainder of title | / |
| 260 ## - PUBLICATION, DISTRIBUTION, ETC. | |
| Place of publication, distribution, etc. | 桂林: |
| Name of publisher, distributor, etc. | 广西师范大学出版社, |
| Date of publication, distribution, etc. | 2012 |
| 300 ## - PHYSICAL DESCRIPTION | |
| Extent | ii, 178 p. |
| Other physical details | ; |
| Dimensions | 21 cm. |
| 505 ## - FORMATTED CONTENTS NOTE | |
| Formatted contents note | 《基督教与近代中国人物》,本书探讨了一系列近代中国人物如马应彪、林联辉、梁廷枏、郑观应、洪仁玕、孙中山、杨衢云、容闳、林则徐、王韬等与基督教在华传播的关联。作者梳理了大量史料,深入到基督教在华传播史的细部,得出诸多新鲜的见解,不仅丰富了基督教在华传播史的研究,同时对于我们更深入地理解这些近代人物也提供了有益的线索。 |
| 650 ## - SUBJECT ADDED ENTRY--TOPICAL TERM | |
| Topical term or geographic name entry element | China -- Biography -- 19th century. |
| 650 ## - SUBJECT ADDED ENTRY--TOPICAL TERM | |
| Topical term or geographic name entry element | China -- Church history -- 19th century. |
| 650 ## - SUBJECT ADDED ENTRY--TOPICAL TERM | |
| Topical term or geographic name entry element | China -- Church history -- 20th century. |
| 942 ## - ADDED ENTRY ELEMENTS (KOHA) | |
| Source of classification or shelving scheme | |
| Koha item type | Chinese Book |
| Withdrawn status | Lost status | Damaged status | Not for loan | Home library | Current library | Shelving location | Date acquired | Total Checkouts | Full call number | Barcode | Date last seen | Price effective from | Koha item type | Copy number |
|---|---|---|---|---|---|---|---|---|---|---|---|---|---|---|
| GETS Theological Seminary Library | GETS Theological Seminary Library | General Stacks | 07/12/2020 | BR1288 .L526 2012 | 00000512 | 07/12/2020 | 07/12/2020 | Chinese Book | ||||||
| GETS Theological Seminary Library | GETS Theological Seminary Library | General Stacks | 08/26/2020 | BR1288 .L526 2012 | 00009265 | 08/26/2020 | 08/26/2020 | Chinese Book | c. 2 |